| 000 | 00000nam 2200000zi 4500 |
| 001 | 9.935666 |
| 003 | CaOODSP |
| 005 | 20250121091710 |
| 006 | m o d f |
| 007 | cr cn||||||||| |
| 008 | 240320t20242024onc ob f000 0 eng d |
| 020 | |a9780660709062 |
| 040 | |aCaOODSP|beng|erda|cCaOODSP |
| 043 | |an-cn--- |
| 086 | 1 |aNR24-124/2024E-PDF |
| 100 | 1 |aAllin, B., |eauthor. |
| 245 | 10|aTowards performance-based building construction codes : |binitial stakeholder consultation : summary of comments / |cAllin, B.; Pendakur, K.; Saidou, A.; Ndatuje, E.; McFadden, J. B. W.; Robbins, A. P. |
| 246 | 17|aInitial stakeholder consultation : |bsummary of comments |
| 264 | 1|a[Ottawa] : |bNational Research Council of Canada = Conseil national de recherches Canada, |c[2024] |
| 264 | 4|c©2024 |
| 300 | |a1 online resource (vi, 61 pages) |
| 336 | |atext|btxt|2rdacontent |
| 337 | |acomputer|bc|2rdamedia |
| 338 | |aonline resource|bcr|2rdacarrier |
| 500 | |aIssued also in French under title: Vers des codes de construction axés sur la performance : consultation initiale auprès des intervenants : résumé des commentaires. |
| 500 | |a"Unclassified - non classifié." |
| 500 | |a"Date: June 04, 2024 (revised August 06, 2024)." |
| 504 | |aIncludes bibliographical references. |
| 650 | 0|aGreenhouse gas mitigation|zCanada. |
| 650 | 0|aBuilding laws|zCanada. |
| 710 | 2 |aNational Research Council Canada, |eissuing body. |
| 775 | 08|tVers des codes de construction axés sur la performance : |w(CaOODSP)9.935667 |
| 856 | 40|qPDF|s922 KB|uhttps://publications.gc.ca/collections/collection_2025/cnrc-nrc/NR24-124-2024-eng.pdf |
| 856 | 4 |ahttps://doi.org/10.4224/40003330|qHTML|sN/A|uhttps://doi.org/10.4224/40003330 |